Athlétisme : Champion de France du 400 m Haie, Piste - Statistiques

Statistiques générales
  • Ce quiz a été pris 3 fois
  • Le résultat moyen est 9 sur 128
Statistiques - réponses
Année Vainqueur % Correct
2018 Ludvy Vaillant
100%
2019 | 2020 | 2021 | +3 others Wilfried Happio
100%
2025 Simon Deschamps
67%
2016 | 2017 Mamadou Kassé Hanne
33%
1990 Stéphane Diagana
33%
2013 Yoann Decimus
33%
1901 | 1902 Adolphe Klingelhoeffer
0%
2011 | 2014 Adrien Clemenceau
0%
1958 Alexandre Yankoff
0%
1926 | 1930 | 1932 | 1933 André Adelheim
0%
1912 Charles Poulenard
0%
1910 Clément Mentrel
0%
2000 David Kafka
0%
1989 | 1993 David Niaré
0%
1962 Eddy Van Praagh
0%
1918 Edmond Brossard
0%
1906 | 1907 Eugène Choisel
0%
2007 | 2010 Fadil Bellaabouss
0%
1969 François Huard
0%
1913 | 1914 | 1919 | +2 others Géo André
0%
1895 Georges Babut
0%
1905 Georges Delmas
0%
1950 | 1951 Georges Elloy
0%
1903 | 1904 Georges Filiâtre
0%
1960 | 1961 Georges Mysson
0%
1983 | 1984 Gérard Brunel
0%
1987 Gilles Vimbert
0%
1953 | 1955 | 1956 Guy Cury
0%
2009 | 2012 Héni Kechi
0%
1942 Henri Maignan
0%
1908 | 1911 Henri Meslot
0%
1896 | 1897 | 1898 | +2 others Henri Tauzin
0%
1945 Jacques Maloubier
0%
1948 Jean-Claude Arifon
0%
1974 | 1975 | 1978 Jean-Claude Nallet
0%
1964 Jean-Jacques Behm
0%
1999 | 2001 Jean-Laurent Heusse
0%
1959 Jean-Marie Kling
0%
1972 | 1976 Jean-Pierre Perrinelle
0%
1995 | 1996 | 1998 Jimmy Coco
0%
1894 Léon Mazuchelli
0%
1973 | 1977 Luc Baggio
0%
1935 Luc Pointurier
0%
1927 Maurice Saugeron
0%
1970 | 1971 Michel Montgermont
0%
2015 Mickaël François
0%
2003 | 2004 | 2005 | 2006 Naman Keita
0%
1985 | 1988 Olivier Gui
0%
2002 Olivier Jean-Théodore
0%
1997 Pascal Maran
0%
1979 | 1980 Patrick Chazot
0%
1893 Paul Blanchet
0%
1986 Philippe Gonigam
0%
1921 Pierre Arnaudin
0%
1909 Pierre Failliot
0%
1934 Pierre Guttin
0%
1936 | 1937 | 1938 | +3 others Prudent Joye
0%
1957 Raymond Basset
0%
1923 | 1925 René Résal
0%
1952 | 1954 Robert Bart
0%
1963 | 1965 | 1966 | +2 others Robert Poirier
0%
1924 | 1928 | 1929 | 1931 Roger Viel
0%
2008 Salah-Eddine Ghaidi
0%
1981 | 1982 Serge Guillen
0%
1992 | 1994 Stéphane Caristan
0%
1991 Sylvain Moreau
0%
1946 | 1947 | 1949 Yves Cros
0%
Aucun quiz correspondant
Distribution des résultats
% des personnes avec chaque résultat
Percentile par nombre de réponses
Votre historique - résultats
Vous n’avez pas pris ce quiz